00454nam a22001457a 4500003000500000038001100005082001600016100002900032245006600061260003700127300001300164500001500177880005200192880006400244NUST awaseem a297.61bKAR aKarmani, Syed Irtiza Ali aSirat Pak Hazrat Nosha Gunj Bakhas /cSyed Irtiza Ali Karmani aLahore :bAzeem and Sons,c2006. a240 p. ; aHardcover. 6100-02\raسید ارتضی علی کرمانی 6245-02\raسیرت پاک حضرت نوشہ گنج بخش /